Simposio interamericano sobre administración de la educación
Enregistré dans:
| Collectivité auteur: | |
|---|---|
| Format: | Livre |
| Langue: | espagnol |
| Publié: |
Washington, D.C
Departamento de Asuntos Educativos
1969
|
| Sujets: | |
| Tags: |
Ajouter un tag
Pas de tags, Soyez le premier à ajouter un tag!
|
MARC
| LEADER | 00000nam a2200000 a 4500 | ||
|---|---|---|---|
| 001 | UCU1093 | ||
| 003 | CL-VaPUC | ||
| 005 | 20230325074255.0 | ||
| 008 | 960329e19690000us 1 spa d | ||
| 082 | 0 | 4 | |a 371.2 |b OEA |2 21 |
| 110 | 2 | |a OEA |e author |9 617582 | |
| 245 | 1 | 0 | |a Simposio interamericano sobre administración de la educación |
| 260 | |a Washington, D.C |b Departamento de Asuntos Educativos |c 1969 | ||
| 300 | |a 95 p | ||
| 583 | |a last modification |c 20170427 10:40:55 |k Rodrigo Vera | ||
| 650 | 0 | 0 | |a Planificación de la educación |9 307333 |
| 650 | 0 | 0 | |a Administración de la enseñanza |9 261034 |
| 650 | 0 | 0 | |a Gestión educacional |9 261035 |
| 650 | 0 | 0 | |a Evaluación de la educación |9 237505 |
| 650 | 0 | 7 | |a DESARROLLO DE LA EDUCACION |2 CL-VaPUC |9 617583 |
| 942 | |c BK | ||
| 945 | |a lriquelm |d 19960329 00:00:00 | ||
| 546 | |a En Español | ||
| 536 | |a OEA | ||
| 536 | |a Gobierno de Brasil | ||
| 536 | |a ANPAE | ||
| 518 | |p Simposio Interamericano sobre Administración de la Educación, Brasilia, 9 al 16 de Octubre de 1968 | ||
| 999 | |c 382545 |d 382543 | ||
| 952 | |0 0 |1 0 |4 0 |6 371_200000000000000_OEA_1969 |7 0 |8 P |9 504297 |a BIBEDU |b BIBEDU |c BIBEDU_PB |d 2020-01-23 |i 2008947 |o 371.2 OEA 1969 |p 2008947 |r 2024-01-25 |w 2020-01-23 |y BK |k EDU | ||